000 01187cam a2200133 4500500
005 20260329023217.0
041 _afre
042 _adc
100 1 0 _aSurel, Yves
_eauthor
245 0 0 _aLa science politique et ses méthodes
260 _bArmand Colin,
_c2015.
520 _aCe manuel offre aux étudiants une introduction aux caractéristiques de la science politique comme discipline scientifique. Il souligne la variété des trajectoires historiques empruntées par la discipline et présente la diversité des approches et des méthodes en usage, comme par exemple les différences entre positivisme et interprétativisme. L’auteur développe les étapes et les dilemmes auxquels sont confrontés ceux qui souhaitent « faire de la science politique », en insistant sur plusieurs opérations essentielles (construction de l’objet, élaboration des hypothèses, tests empiriques etc.). Il liste enfin des questions et des outils méthodologiques autour de la division traditionnelle entre méthodes qualitatives et méthodes quantitatives.
856 4 1 _uhttps://shs.cairn.info/la-science-politique-et-ses-methodes--9782200246082?lang=fr&redirect-ssocas=7080
999 _c1925515
_d1925515